| 000 | 00512nam a2200181Ia 4500 | ||
|---|---|---|---|
| 003 | OSt | ||
| 005 | 20260130125328.0 | ||
| 008 | 210210b1931 xxu||||| |||| 00| 0 eng d | ||
| 040 | _cAL | ||
| 041 | _aKannada | ||
| 082 | _a853/246 | ||
| 100 |
_aPUTTASVAMAYYA (B) _9161387 _dಪುಟ್ಟಸ್ವಾಮಯ್ಯ (ಬಿ). |
||
| 245 |
_aSampurna ramayana: _bಸಂಪೂರ್ಣ ರಾಮಾಯಣ |
||
| 260 |
_aBengaluru _b- _c1931 |
||
| 690 |
_aKannada Drama _9161388 |
||
| 906 | _a019518 | ||
| 942 |
_2ddc _cBK |
||
| 999 |
_c143642 _d143642 |
||